Quiz Royaume d'Israël (931-720 av. J.-C.) - Statistiques

Statistiques générales
  • Ce quiz a été pris 57 fois
  • Le résultat moyen est 10 sur 18
Statistiques - réponses
Hint Réponse % Correct
Schisme de Jéroboam qui fonde Israël avec 10 des douze tribus qui composaient la “monarchie unie”. 930
91%
Deuxième siège de la ville de Guibbetôn, contexte du coup d’Etat de Zimri puis d’Omri. 885
77%
Suite à la prise de pouvoir d’Hazaël à Damas, Joram d’Israël et Ochozias de Juda attaquent le royaume d’Aram-Damas. Bataille de Ramoth-de-Galaad. Prise de pouvoir de Jéhu en Israël qui fonde la dynastie nimshide. 842
68%
Premier siège de Samarie par Bar-Hadad II, fils de Hazaël car le royaume d’Israël est récalcitrant à la coalition. 796
64%
Bataille de Qarqar 853
64%
Création supposée de la coalition des Douze rois. ≃856
64%
Dynastie des Omrides 885-842
64%
Participation des Israéliens à la révolte de Yaubi’di, fin de la provincialisation totale du royaume d’Israël. 720
59%
Premier siège de la ville de Guibbetôn par les israélites, correspond au coup d’Etat de Baasha. 909
59%
Guerre civile entre les deux prétendants au trône d’Israël Omri et Tivni. 885-881
55%
Nombre de chars fournis par Israël pendant la bataille de Qarqar selon le monolithe de Kurch. 2000
50%
Révolte d’Osée qui mène au début du processus de provincialisation de la moitié sud (il n’y a plus de roi en Israël). 723-722
45%
Crise dynastique nimshide où se succèdent les règnes de Zacharie, fils de Jéroboam II, assassiné par Shallum, lui-même assassiné un mois plus tard par Ménahem qui rencontre de nombreuses résistances à son avènement. 747
45%
Formation d’une nouvelle coalition anti-assyrienne sous la direction d’Atar-šumki , roi du Bit-Agusi, puis de Bar-Hadad II, roi d’Aram-Damas, Israël n’en fait pas partie. 803
45%
Coalition syro-ephraïmite, guerre contre Juda et échec de la coalition qui amène à la provincialisation de la moitié nord du royaume d’Israël. 737-732
41%
Début supposé de la vassalisation du royaume de Juda par Israël après la bataille de Beth-Shemesh. 790
41%
Première éclipse assyrienne, essouflement de Salmanazar III, guerre civile, consolidation des frontières sous Šamši-Adad V et régence de la reine Šammu-ramat, mère de Adad-nerari III. 835-805
41%
Seconde éclipse assyrienne suite à des épidémies de peste et des révoltes. Le coup d’Etat de Tiglath-Phalazar III inaugure une nouvelle période d’expansion. 765-745
32%
Aucun quiz correspondant
Distribution des résultats
% des personnes avec chaque résultat
Percentile par nombre de réponses
Votre historique - résultats
Vous n’avez pas pris ce quiz